The Freeman

Detalles Bibliográficos
Nuevo Título:Ideas on liberty (2000)
Título anterior:Plain talk
Ideas on liberty
Autor Corporativo: Foundation for Economic Education, inc
Otros Autores: Chamberlain, John, 1903-1995, Hazlitt, Henry, 1894-1993
Formato: Electrónico Revista
Lenguaje:inglés
Publicado: [Irvington-on-Hudson, N.Y., etc.], [Foundation for Economic Education]
Materias:
Acceso en línea:Full text available from Research Library: 06/01/1998 to 12/31/1999

MARC

LEADER 00000nas a2200000 4500
001 ssj0032670
003 WaSeSS
005 20200512172242.0
006 m d
007 cr n
008 750824d19501999nyumr p s 0 a0eng c
010 |a  54029313  
016 |a (AMICUS)000000695452 
016 7 |a 100967593  |2 DNLM 
022 |l 0016-0652  |y 0016-0652 
035 |a (WaSeSS)ssj0032670 
037 |b Foundation for Economic Education, Inc., 30 So. Broadway, Irvington-on-Hudson, NY 10533 
040 |a MUL  |b eng  |c MUL  |d BTI  |d NSD  |d DLC  |d NSD  |d DLC  |d AIP  |d NSD  |d AIP  |d NSD  |d NST  |d IUL  |d DLC  |d IUL  |d NOC  |d HLS  |d IUL  |d OCL  |d NSD  |d NLM  |d OCLCQ  |d LNX  |d DLC  |d OCLCG  |d OCLCQ  |d SOR  |d CLU  |d OCLCF  |d OCLCO  |d OCLCQ  |d I8M  |d Y5J  |d OCLCQ  |d NLC  |d CSJ  |d OCLCQ  |d GILDS  |d OCLCO  |d CPO  |d OCLCQ  |d NDD  |d WaSeSS 
042 |a nsdp  |a pcc 
050 0 0 |a AP2  |b .F9155 
060 4 |a 015005697 A 
060 4 |a 015005697A 
082 0 4 |a 051 
210 0 |a Freeman  |b (Irvington-on-Hudson N.Y.) 
222 4 |a The Freeman  |b (Irvington-on-Hudson, N.Y.) 
245 0 4 |a The Freeman  |h [electronic resource]. 
260 |a [Irvington-on-Hudson, N.Y., etc.],  |b [Foundation for Economic Education] 
310 |a Monthly,  |b Mar. 1976-Dec. 1999 
321 |a Biweekly,  |b Oct. 1950-<Mar. 1954> 
362 0 |a v. 1-49; Oct. 2, 1950-Dec., 1999. 
500 |a Editors: Oct. 2, 1950-Jan. 26, 1953, J. Chamberlain (with H. Hazlitt, Oct. 2, 1950-Oct. 20, 1952, and F. Davis, May 19, 1952-Jan. 26, 1953); Feb. 23, 1953-<Jan. 11, 1954> H. Hazlitt; 19<60>- P.L. Poirot. 
506 |a License restrictions may limit access. 
550 |a Volumes for <1960-> published by the Foundation for Economic Education. 
650 0 |a Social sciences  |v Periodicals. 
650 0 |a Economic history  |v Periodicals. 
650 7 |a Economic history.  |2 fast  |0 (OCoLC)fst00901974 
650 7 |a Social sciences.  |2 fast  |0 (OCoLC)fst01122877 
655 0 |a Electronic journals. 
700 1 |a Chamberlain, John,  |d 1903-1995. 
700 1 |a Hazlitt, Henry,  |d 1894-1993. 
710 2 |a Foundation for Economic Education, inc. 
780 0 2 |t Plain talk  |x 0190-4140  |w (DLC) 48002775  |w (OCoLC)1604676 
780 0 5 |t Ideas on liberty  |g Jan. 1956  |x 0445-2259  |w (DLC) 68039815  |w (OCoLC)2390411 
785 0 0 |t Ideas on liberty (2000)  |x 1542-0698  |w (DLC) 00234559  |w (OCoLC)43111082 
850 |a CaOPAL  |a DLC  |a InU  |a KU-S 
856 4 0 |z Full text available from Research Library: 06/01/1998 to 12/31/1999  |u https://search.proquest.com/publication/43074